Nuclear physics : (Record no. 355613)

000 -LEADER
fixed length control field 01360cam a22003494a 4500
001 - CONTROL NUMBER
control field 14802943
003 - CONTROL NUMBER IDENTIFIER
control field Nust- CAS-E
005 - DATE AND TIME OF LATEST TRANSACTION
control field 20180118181407.0
008 - FIXED-LENGTH DATA ELEMENTS--GENERAL INFORMATION
fixed length control field 070410s2006 enka b 001 0 eng
010 ## - LIBRARY OF CONGRESS CONTROL NUMBER
LC control number 2007273572
020 ## - INTERNATIONAL STANDARD BOOK NUMBER
International Standard Book Number 9780471979364 (pbk. : acidfree paper)
020 ## - INTERNATIONAL STANDARD BOOK NUMBER
International Standard Book Number 0471979368 (pbk. : acidfree paper)
020 ## - INTERNATIONAL STANDARD BOOK NUMBER
International Standard Book Number 9780471979357 (cased : acidfree paper)
020 ## - INTERNATIONAL STANDARD BOOK NUMBER
International Standard Book Number 047197935X (cased : acidfree paper)
040 ## - CATALOGING SOURCE
Original cataloging agency DLC
Transcribing agency DLC
Modifying agency DLC
050 00 - LIBRARY OF CONGRESS CALL NUMBER
Classification number QC776
Item number .L45 2006
082 ## - DEWEY DECIMAL CLASSIFICATION NUMBER
Edition number 22
Classification number 539.7
Author Mark LIL-N 2001
100 1# - MAIN ENTRY--PERSONAL NAME
Personal name Lilley, J. S.
Fuller form of name (John S.)
245 10 - TITLE STATEMENT
Title Nuclear physics :
Remainder of title principles and applications /
Statement of responsibility, etc. J.S. Lilley.
250 ## - EDITION STATEMENT
Edition statement Repr. with corrections Jan. 2006.
260 ## - PUBLICATION, DISTRIBUTION, ETC.
Place of publication, distribution, etc. Chichester ;
-- New York :
Name of publisher, distributor, etc. J. Wiley,
Date of publication, distribution, etc. 2006.
300 ## - PHYSICAL DESCRIPTION
Extent xi, 393 p. :
Other physical details ill. ;
Dimensions 25 cm.
490 0# - SERIES STATEMENT
Series statement The Manchester physics series
502 ## - DISSERTATION NOTE
Dissertation note 0
504 ## - BIBLIOGRAPHY, ETC. NOTE
Bibliography, etc. note Includes bibliographical references (p. [379]-383) and index.
650 #0 - SUBJECT ADDED ENTRY--TOPICAL TERM
Topical term or geographic name entry element Nuclear physics
Form subdivision Textbooks.
856 42 - ELECTRONIC LOCATION AND ACCESS
Materials specified Publisher description
Uniform Resource Identifier <a href="http://www.loc.gov/catdir/enhancements/fy0740/2007273572-d.html">http://www.loc.gov/catdir/enhancements/fy0740/2007273572-d.html</a>
856 41 - ELECTRONIC LOCATION AND ACCESS
Materials specified Table of contents only
Uniform Resource Identifier <a href="http://www.loc.gov/catdir/enhancements/fy0740/2007273572-t.html">http://www.loc.gov/catdir/enhancements/fy0740/2007273572-t.html</a>
906 ## - LOCAL DATA ELEMENT F, LDF (RLIN)
a 7
b cbc
c origcop
d 3
e ncip
f 20
g y-gencatlg
942 ## - ADDED ENTRY ELEMENTS (KOHA)
Source of classification or shelving scheme
Koha item type Book
Holdings
Withdrawn status Lost status Source of classification or shelving scheme Damaged status Not for loan Collection code Permanent Location Current Location Shelving location Date acquired Source of acquisition Cost, normal purchase price Total Checkouts Full call number Barcode Date last seen Price effective from Koha item type
            US-Pakistan Center for Advanced Studies in Energy (USPCAS-E) US-Pakistan Center for Advanced Studies in Energy (USPCAS-E)   11/11/2015 Multiline Books 5180.00   539.7 LIL-N 2001 CAS-E0000514 11/11/2015 11/11/2015 Book
© 2023 Central Library, National University of Sciences and Technology. All Rights Reserved.